[Event "Gabicce Mare op 1st"]
[Site "Gabicce Mare"]
[Date "2013.01.02"]
[Round "1"]
[White "Drazic, Sinisa"]
[Black "Rovedi, Mauro"]
[Result "1-0"]
[WhiteElo "2471"]
[BlackElo "2049"]
[PlyCount "133"]
[EventDate "2013.01.02"]
[EventType "swiss"]
[EventRounds "9"]
[EventCountry "ITA"]
[SourceTitle "EXT 2015"]
[Source "ChessBase"]
[SourceDate "2014.11.20"]
[SourceVersion "1"]
[SourceVersionDate "2014.11.20"]
[SourceQuality "1"]

1. Nh3 b6 2. Nc3 Bb7 3. e4 c5 4. d4 cxd4 5. Qxd4 Nc6 6. Qd2 e6 7. Bb5 Bb4 8. a3 Bxc3 9. Qxc3 Qf6 10. Qg3 Qe5 11. Qxe5 Nxe5 12. f3 Rc8 13. Bf4 Nc4 14. 0-0-0 Nf6 15. Bxc4 Rxc4 16. Bd6 Rc6 17. b3 Nd5 18. Be5 Nf6 19. Rd2 Ke7 20. Rhd1 Rd8 21. Bd6+ Ke8 22. Kb2 Ng8 23. Nf4 f6 24. a4 Ne7 25. c4 Kf7 26. Ba3 Rc7 27. Ne2 e5 28. Nc3 Bc6 29. Nb5 Bxb5 30. Bxe7 Kxe7 31. axb5 d6 32. Kc3 Ke6 33. g3 Rdd7 34. f4 g6 35. Kd3 Rg7 36. Ke3 Rgd7 37. Rd5 Rc5 38. Kf3 Ke7 39. R5d2 Rd8 40. h4 h5 41. Ra2 Rc7 42. Ke3 Ke6 43. fxe5 fxe5 44. Rf1 Rdd7 45. Rf8 Rf7 46. Rd8 Rg7 47. Rh8 Rh7 48. Ra8 Rhf7 49. Ra1 Rb7 50. Rg1 Rf6 51. Re8+ Kd7 52. Rg8 Ke6 53. Kd2 Rbf7 54. Kc3 Rc7 55. Kb4 Kf7 56. Rd8 Ke7 57. Rh8 Ke6 58. g4 hxg4 59. Rxg4 Rg7 60. h5 Rf4 61. h6 Rgf7 62. Rxg6+ R7f6 63. Re8+ Kf7 64. Rxf6+ Rxf6 65. h7 Kxe8 66. h8Q+ Ke7 67. Qb8 1-0

[Event "Mare di Fano op 1st"]
[Site "Fano"]
[Date "2012.07.30"]
[Round "1"]
[White "Banusz, Tamas"]
[Black "Rovedi, Mauro"]
[Result "1-0"]
[WhiteElo "2556"]
[BlackElo "2056"]
[PlyCount "57"]
[EventDate "2012.07.30"]
[EventType "swiss"]
[EventRounds "9"]
[EventCountry "ITA"]
[SourceTitle "EXT 2015"]
[Source "ChessBase"]
[SourceDate "2014.11.20"]
[SourceVersion "1"]
[SourceVersionDate "2014.11.20"]
[SourceQuality "1"]

1. Nf3 Nf6 2. c4 c5 3. Nc3 Nc6 4. d4 cxd4 5. Nxd4 g6 6. e4 d6 7. Be2 Bg7 8. Be3 0-0 9. 0-0 Bd7 10. Qd2 Ng4 11. Bxg4 Bxg4 12. h3 Bd7 13. b3 Qa5 14. Rad1 Qh5 15. Nxc6 Bxc6 16. Bd4 Bh6 17. Qd3 b6 18. a4 Rad8 19. Nd5 Bxd5 20. exd5 e5 21. dxe6 fxe6 22. Rfe1 e5 23. Bc3 Qh4 24. Re2 Kh8 25. Qe4 Qe7 26. Rd5 Rf4 27. Bxe5+ dxe5 28. Qxe5+ Qxe5 29. Rxd8+ 1-0

[Event "Senigallia Perini Memorial 3rd"]
[Site "Senigallia"]
[Date "2009.08.08"]
[Round "8"]
[White "Rovedi, Mauro"]
[Black "Gromovs, Sergejs"]
[Result "1-0"]
[WhiteElo "2033"]
[BlackElo "2339"]
[PlyCount "83"]
[EventDate "2009.08.01"]
[EventType "swiss"]
[EventRounds "9"]
[EventCountry "ITA"]
[SourceTitle "EXT 2010"]
[Source "ChessBase"]
[SourceDate "2010.11.25"]
[SourceVersion "1"]
[SourceVersionDate "2010.11.25"]
[SourceQuality "1"]

1. Nf3 h6 2. b3 Nf6 3. Bb2 d5 4. e3 Bg4 5. Be2 e6 6. Ne5 Bf5 7. 0-0 Nbd7 8. c4 Nxe5 9. Bxe5 Bd6 10. f4 c6 11. Nc3 Qe7 12. Bxd6 Qxd6 13. d4 h5 14. Bd3 g6 15. Qc2 h4 16. c5 Qe7 17. b4 a6 18. a4 0-0 19. b5 axb5 20. axb5 Ng4 21. Qd2 f6 22. b6 e5 23. Bxf5 gxf5 24. h3 exd4 25. exd4 Nh6 26. Qf2 Kh7 27. Rae1 Qg7 28. Qxh4 Rg8 29. Rf2 Ra3 30. Re3 Qg6 31. Rfe2 Rg7 32. Kh2 Rb3 33. Nxd5 Rxe3 34. Nxe3 Re7 35. Re1 Rg7 36. Rd1 Re7 37. Rd3 Re4 38. d5 cxd5 39. Nxd5 Re6 40. Re3 Qf7 41. Rxe6 Qxe6 42. Nxf6+ 1-0

[Event "Senigallia Perini Memorial 3rd"]
[Site "Senigallia"]
[Date "2009.08.06"]
[Round "6"]
[White "Rovedi, Mauro"]
[Black "Marsili, Riccardo"]
[Result "1/2-1/2"]
[WhiteElo "2033"]
[BlackElo "1873"]
[PlyCount "101"]
[EventDate "2009.08.01"]
[EventType "swiss"]
[EventRounds "9"]
[EventCountry "ITA"]
[SourceTitle "EXT 2010"]
[Source "ChessBase"]
[SourceDate "2010.11.25"]
[SourceVersion "1"]
[SourceVersionDate "2010.11.25"]
[SourceQuality "1"]

1. f4 d5 2. Nf3 Nf6 3. e3 g6 4. b3 Bg7 5. Bb2 0-0 6. Be2 c5 7. 0-0 Nc6 8. Ne5 Qc7 9. Nxc6 Qxc6 10. Bf3 Qd7 11. Be5 b6 12. d3 Bb7 13. Qe1 Ne8 14. Bxg7 Nxg7 15. Nd2 Qd6 16. Rd1 e5 17. Nc4 Qe7 18. Nxe5 Rae8 19. Bg4 f6 20. Nf3 Qxe3+ 21. Qxe3 Rxe3 22. Rfe1 Rfe8 23. Rxe3 Rxe3 24. Kf2 Re8 25. Re1 Rxe1 26. Nxe1 Kf7 27. c3 Ke7 28. Nc2 Kd6 29. g3 Bc6 30. d4 Ne8 31. h4 Nc7 32. Be2 Nb5 33. Bxb5 Bxb5 34. Ke3 Bd7 35. dxc5+ bxc5 36. b4 a6 37. Kd2 h6 38. Ne3 h5 39. c4 dxc4 40. Nxc4+ Kc6 41. a3 cxb4 42. axb4 Be6 43. Ne3 Kb5 44. Kc3 Kc6 45. Kd4 Kd6 46. Nd1 Bg4 47. Nc3 Bc8 48. Ne4+ Ke6 49. Kc5 Bd7 50. Kd4 Bb5 51. Nf2 1/2-1/2

[Event "Porto San Giorgio op 16th"]
[Site "Porto San Giorgio"]
[Date "2004.08.28"]
[Round "8"]
[White "Rovedi, Mauro"]
[Black "Pepe, Mario"]
[Result "0-1"]
[WhiteElo "1957"]
[BlackElo "2145"]
[PlyCount "98"]
[EventDate "2004.08.21"]
[EventType "swiss"]
[EventRounds "9"]
[EventCountry "ITA"]
[SourceTitle "CBM 101 Extra"]
[Source "ChessBase"]
[SourceDate "2004.09.01"]
[SourceVersion "2"]
[SourceVersionDate "2004.09.01"]
[SourceQuality "1"]

1. e4 Nf6 2. e5 Nd5 3. d4 d6 4. c4 Nb6 5. exd6 cxd6 6. Nc3 g6 7. Be3 Bg7 8. Rc1 0-0 9. Be2 Nc6 10. b3 Nd7 11. Nf3 Nf6 12. d5 Nb4 13. a3 Na6 14. b4 b6 15. Nd4 Bb7 16. 0-0 Qc7 17. h4 Nb8 18. Ncb5 Qd7 19. h5 Na6 20. hxg6 hxg6 21. Bf3 Nc7 22. Nc3 Rfd8 23. Bg5 Nh7 24. Be3 Nf6 25. Re1 Bc8 26. Bg5 Re8 27. Rc2 Ng4 28. Bxe7 Rxe7 29. Rxe7 Qxe7 30. Bxg4 Bxg4 31. Qxg4 Qe1+ 32. Kh2 Qe5+ 33. g3 Qxd4 34. Qxd4 Bxd4 35. Ne4 Ne8 36. Rd2 Bg7 37. c5 bxc5 38. bxc5 dxc5 39. Nxc5 Rd8 40. Nb7 Rd7 41. Nc5 Rc7 42. Na6 Rb7 43. Rd3 Nd6 44. Nb4 Bf8 45. Nc6 Kg7 46. a4 Ne4 47. Rd4 f5 48. f3 Rb2+ 49. Kh3 Ng5+ 0-1

[Event "Porto San Giorgio op 16th"]
[Site "Porto San Giorgio"]
[Date "2004.08.21"]
[Round "1"]
[White "Bruno, Fabio"]
[Black "Rovedi, Mauro"]
[Result "1/2-1/2"]
[WhiteElo "2341"]
[BlackElo "1957"]
[PlyCount "95"]
[EventDate "2004.08.21"]
[EventType "swiss"]
[EventRounds "9"]
[EventCountry "ITA"]
[SourceTitle "CBM 101 Extra"]
[Source "ChessBase"]
[SourceDate "2004.09.01"]
[SourceVersion "2"]
[SourceVersionDate "2004.09.01"]
[SourceQuality "1"]

1. d4 Nf6 2. Bg5 g6 3. Bxf6 exf6 4. c4 c5 5. Nc3 cxd4 6. Qxd4 Nc6 7. Qd2 Bb4 8. Rc1 0-0 9. e3 Ne5 10. a3 Bxc3 11. Rxc3 b6 12. Ne2 Bb7 13. Nf4 Re8 14. Be2 f5 15. 0-0 Qg5 16. Nd5 Bxd5 17. Qxd5 f4 18. g3 fxg3 19. hxg3 Rac8 20. Kg2 Rc5 21. Qd4 Qe7 22. Rd1 h5 23. Qf4 Rc6 24. Rd4 f5 25. Bf3 Rd6 26. Rxd6 Qxd6 27. Bd5+ Kg7 28. Qd4 Qf6 29. c5 Rb8 30. cxb6 Rxb6 31. Rc5 Ng4 32. b4 Qxd4 33. exd4 Rd6 34. Ra5 Nf6 35. Bf3 a6 36. Bb7 Rxd4 37. Rxa6 Rd2 38. Bf3 g5 39. a4 g4 40. Bb7 d5 41. a5 Ne4 42. Kg1 Rd1+ 43. Kg2 Ng5 44. Ra7 Kf6 45. Ba6 Nf3 46. Bf1 h4 47. gxh4 Nxh4+ 48. Kg1 1/2-1/2

[Event "Internet Section 06A g/8'+2\""]
[Site "Dos Hermanas"]
[Date "2004.03.06"]
[Round "8"]
[White "Juozapas, Girdenis"]
[Black "Rovedi, Mauro"]
[Result "1-0"]
[WhiteElo "1993"]
[BlackElo "1836"]
[PlyCount "77"]
[EventDate "2004.03.06"]
[EventType "swiss (blitz)"]
[EventRounds "9"]
[EventCountry "ESP"]
[SourceTitle "CBM 099 Extra"]
[Source "ChessBase"]
[SourceDate "2004.05.04"]
[SourceVersion "1"]
[SourceVersionDate "2004.05.04"]
[SourceQuality "1"]

1. d4 Nf6 2. c4 g6 3. Nc3 Bg7 4. e4 d6 5. Nf3 0-0 6. Be2 Nbd7 7. 0-0 e5 8. d5 Nc5 9. Qc2 a5 10. Bg5 h6 11. Be3 Ng4 12. Bxc5 dxc5 13. h3 Nf6 14. Nxe5 Re8 15. Nd3 Nxe4 16. Nxe4 Rxe4 17. Nxc5 Re5 18. Nd3 Rg5 19. Kh2 Bf5 20. f4 Bxd3 21. Bxd3 Qd6 22. g3 Rh5 23. Be2 Rf5 24. Bg4 Rf6 25. Bf3 h5 26. c5 Qd7 27. Rad1 h4 28. Bg4 Qd8 29. gxh4 b6 30. cxb6 Rxb6 31. b3 Qxh4 32. Qxc7 Rab8 33. d6 Rxb3 34. axb3 Rxb3 35. d7 Qg3+ 36. Kh1 Rb2 37. d8Q+ Kh7 38. Rd2 Rxd2 39. Qxd2 1-0